| 000 | 00757 a2200205 4500 | ||
|---|---|---|---|
| 005 | 20080829172842.0 | ||
| 008 | 080829t xxu||||| |||| 00| 0 eng d | ||
| 010 | _aENG-87467 | ||
| 020 | _c120.00 | ||
| 035 | _aEN-71000 | ||
| 037 | _bDBAD / PUB | ||
| 082 | _a133.323 | ||
| 100 | _aRamaswami | ||
| 245 |
_aVaasthu Saasthra _bscience of structures a perfect, precise, practical guide |
||
| 260 |
_aTamilnadu _bChettiar Pathippagam _c2006 |
||
| 270 |
_a4-B, Venkat Rao Road _bSalem _e636 001 |
||
| 300 |
_a268 p. _c22 cm ( Pbk) |
||
| 942 |
_adpl _cEN _k133.323/RAM _2ddc _h133.323 _mRAM |
||
| 999 |
_c6679 _d6679 |
||